[Event "AUTO-MASTER-3047"]
[Site "http://www.queenalice.com/game.php?id=1760903"]
[Date "2021.5.29"]
[Round "1"]
[White "Artking"]
[Black "elisangela"]
[Result "0-1"]
[WhiteElo "2131"]
[BlackElo "1918"]

1. e4 e6 2. d4 a6 3. c4 Bb4+ 4. Nc3 Bxc3+ 5. bxc3 Qh4 6. Qd3 h6 7. g3 Qe7 8. Bg2
c5 9. d5 Nf6 10. d6 Qd8 11. e5 Ng8 12. f4 h5 13. Nf3 Nc6 14. O-O b6 15. a4 Bb7
16. Ng5 h4 17. Be4 hxg3 18. hxg3 Nh6 19. f5 Nxe5 20. fxe6 Nxd3 21. e7 Qb8 22.
Bxd3 Ng4 23. Be4 Nf6 24. Bg2 Bxg2 25. Kxg2 Qxd6 26. Bf4 Qd3 27. Rfe1 Ng4 28. Nf3
Qxc4 29. Rad1 Qxa4 30. Rd6 Rb8 31. Rd2 Rb7 32. Nh4 Rxh4 0-1

[Event "AUTO-MASTER-3047"]
[Site "http://www.queenalice.com/game.php?id=1760904"]
[Date "2021.5.29"]
[Round "1"]
[White "elisangela"]
[Black "Diadoco"]
[Result "0-1"]
[WhiteElo "1972"]
[BlackElo "2285"]

1. e3 e5 2. a3 d5 3. b4 c5 4. Bb5+ Bd7 5. Qe2 cxb4 6. Bxd7+ Qxd7 7. axb4 Bxb4 8.
c3 Be7 9. h3 f5 10. Nf3 Nc6 11. O-O Nf6 12. Ba3 O-O 13. Bxe7 Qxe7 14. Ra4 e4 15.
Nd4 Nxd4 16. Rxd4 a6 17. Rc1 b5 18. Rc2 Qe6 19. Na3 Nd7 20. c4 dxc4 21. Nb1 Nc5
22. Nc3 Rfc8 23. f3 Nb3 24. fxe4 Nxd4 25. exd4 fxe4 26. Nxe4 Re8 27. d3 cxd3 28.
Qxd3 Qxe4 29. Qxe4 Rxe4 30. d5 Rd4 31. Rc5 Rd2 32. Kh2 b4 0-1

[Event "AUTO-MASTER-3047"]
[Site "http://www.queenalice.com/game.php?id=1760905"]
[Date "2021.5.29"]
[Round "1"]
[White "Diadoco"]
[Black "elisangela"]
[Result "1-0"]
[WhiteElo "2288"]
[BlackElo "1969"]

1. e4 e6 2. d4 a6 3. Bd3 b5 4. c4 Bb7 5. cxb5 axb5 6. Qe2 Bb4+ 7. Bd2 Bxd2+ 8.
Nxd2 c6 9. Ngf3 Ne7 10. O-O O-O 11. a3 Ng6 12. g3 h6 13. Rfc1 Na6 14. b4 Nc7 15.
h4 f5 16. exf5 exf5 17. Nb3 Ne6 18. Nc5 Nxc5 19. dxc5 Re8 20. Qc2 Ne5 21. Nxe5
Rxe5 22. Bxf5 d5 23. cxd6 Qxd6 24. Rd1 Qf6 25. Bh7+ Kh8 26. Be4 Rf8 27. Ra2 h5
28. f3 g5 29. Rd7 Rxe4 30. Qxe4 Rf7 31. Qe8+ Kg7 32. Qxf7+ Qxf7 33. Rxf7+ Kxf7
34. hxg5 Kg6 35. f4 Kf5 36. Rh2 Kg4 37. Kf2 Bc8 38. Rh4+ 1-0

[Event "AUTO-ADV-4458"]
[Site "http://www.queenalice.com/game.php?id=1761103"]
[Date "2021.6.1"]
[Round "2"]
[White "Fauquinelle"]
[Black "elisangela"]
[Result "0-1"]
[WhiteElo "1908"]
[BlackElo "1958"]

1. d4 e6 2. Nf3 h6 3. e4 a6 4. a3 b5 5. Bd3 Bb7 6. O-O d6 7. b4 Qd7 8. e5 g5 9.
Nc3 Bg7 10. Ne4 Nc6 11. Bb2 f5 12. Ng3 dxe5 13. Nxe5 Nxe5 14. dxe5 O-O-O 15. Qe2
Qd5 16. f4 Ne7 17. Rfd1 Qc6 18. Nh5 Rhg8 19. c4 Rxd3 20. Rxd3 gxf4 21. Rf3 Ng6
22. cxb5 Qb6+ 23. Rf2 Nh4 24. Nxf4 Kd7 25. Rd1+ Kc8 26. Qh5 Nf3+ 27. gxf3 Bxe5+
28. Kf1 Bxf4 29. Rg2 Qxb5+ 30. Kg1 Rxg2+ 31. Kxg2 Qe2+ 0-1

[Event "AUTO-ADV-4458"]
[Site "http://www.queenalice.com/game.php?id=1761104"]
[Date "2021.6.1"]
[Round "2"]
[White "elisangela"]
[Black "Fauquinelle"]
[Result "1-0"]
[WhiteElo "1943"]
[BlackElo "1915"]

1. e3 d5 2. b3 Nf6 3. h3 Nc6 4. Bb2 e5 5. Bb5 Bd6 6. Bxc6+ bxc6 7. Nf3 Ba6 8. d3
O-O 9. Bxe5 Bxe5 10. Nxe5 Qd6 11. f4 Rae8 12. Nd2 Nd7 13. Nxd7 Qxd7 14. e4 dxe4
15. Nxe4 f5 16. O-O fxe4 17. dxe4 Qc8 18. Qd4 Bxf1 19. Rxf1 Qa6 20. a4 Qe2 21.
Qxa7 Qxc2 22. Qxc7 Qxe4 23. Rf3 Rf7 24. Qa5 Rxf4 25. Rxf4 Qxf4 26. Qc3 h6 27. a5
Re3 28. Qc4+ Kh8 29. Qxf4 1-0

[Event "AUTO-ADV-4458"]
[Site "http://www.queenalice.com/game.php?id=1761107"]
[Date "2021.6.1"]
[Round "2"]
[White "elisangela"]
[Black "maurice91"]
[Result "0-1"]
[WhiteElo "1966"]
[BlackElo "1824"]

1. e3 c6 2. h3 g6 3. c3 Bg7 4. Nf3 e5 5. a3 d5 6. b4 Ne7 7. Bb2 O-O 8. g4 f5 9.
gxf5 Bxf5 10. c4 Nd7 11. cxd5 cxd5 12. Ng5 h6 13. Nf3 Nc6 14. Bb5 Be4 15. Be2 d4
16. exd4 Bxf3 17. Bxf3 exd4 18. Bd5+ Kh7 19. Qg4 Nf6 20. Bg8+ Rxg8 21. Qg2 Re8+
22. Kd1 Nh5 23. d3 Qd6 24. Nd2 Re7 25. Kc2 Rae8 26. Ne4 Qf4 27. Bc1 Qc7 28. Kd2
Ne5 29. Bb2 Nf7 30. Rac1 Qf4+ 31. Kd1 Ng5 32. Nxg5+ hxg5 33. Kc2 Rc7+ 34. Kb1
Rec8 35. Rhe1 Qd2 36. Red1 Rxc1+ 37. Bxc1 Qxd1 0-1

[Event "AUTO-ADV-4458"]
[Site "http://www.queenalice.com/game.php?id=1761108"]
[Date "2021.6.1"]
[Round "2"]
[White "maurice91"]
[Black "elisangela"]
[Result "1-0"]
[WhiteElo "1846"]
[BlackElo "1944"]

1. d4 e6 2. c4 h6 3. Nc3 g5 4. e3 Bg7 5. Bd3 a6 6. Nf3 Ne7 7. Qc2 f5 8. O-O Ng6
9. e4 g4 10. exf5 gxf3 11. fxg6 fxg2 12. Re1 Nc6 13. d5 Nd4 14. Qd1 Qf6 15. Be3
Nf3+ 16. Kxg2 Nxe1+ 17. Qxe1 O-O 18. Ne2 Qxb2 19. Rb1 Qxa2 20. Nf4 Qa3 21. dxe6
Rxf4 22. Bxf4 Qxd3 23. e7 Qxg6+ 24. Bg3 Qe8 25. Bxc7 Bf6 26. Bd6 a5 27. Rb3 Ra6
28. c5 Kf7 29. Qe2 Kg6 30. Rg3+ Bg5 31. h4 b6 32. Qd3+ Kg7 33. hxg5 Bb7+ 34. Kh2
bxc5 35. gxh6+ Kxh6 36. Qe3+ Kh7 37. Rh3+ Kg6 38. Qh6+ Kf5 39. Rh5+ Ke4 40. Qe3#
1-0

[Event "AUTO-OPEN-4297"]
[Site "http://www.queenalice.com/game.php?id=1765984"]
[Date "2021.8.2"]
[Round "1"]
[White "Rafale2000"]
[Black "elisangela"]
[Result "1-0"]
[WhiteElo "2096"]
[BlackElo "1846"]

1. e4 e6 2. d4 a6 3. Nf3 h6 4. Bc4 b5 5. Bd3 Bb7 6. O-O d6 7. Re1 Nd7 8. Bf4 g5
9. Be3 Bg7 10. Nbd2 Ngf6 11. a4 Ng4 12. axb5 Nxe3 13. Rxe3 g4 14. bxa6 Bxe4 15.
Bxe4 d5 16. Bxd5 gxf3 17. Nxf3 O-O 18. Bc4 Nb6 19. Bb3 Qc8 20. Qd3 Rd8 21. c3
Nd5 22. Re4 f5 23. Re2 Kh8 24. Ne5 Nf4 25. Qf3 Nxe2+ 26. Qxe2 Rd6 27. Nf7+ Kh7
28. Ne5 Bxe5 29. dxe5 Rdxa6 30. Rxa6 Qxa6 31. Qh5 Rf8 32. Qd1 1-0

[Event "AUTO-OPEN-4297"]
[Site "http://www.queenalice.com/game.php?id=1765985"]
[Date "2021.8.2"]
[Round "1"]
[White "elisangela"]
[Black "Rafale2000"]
[Result "0-1"]
[WhiteElo "1853"]
[BlackElo "2089"]

1. e3 Nf6 2. a3 e6 3. h3 d5 4. d4 Bd7 5. Nf3 c5 6. dxc5 Bxc5 7. b4 Bb6 8. Bb2
O-O 9. Ne5 Be8 10. Nd2 Nc6 11. Ndf3 Rc8 12. Nxc6 Bxc6 13. Bd4 Ba4 14. Bxb6 Qxb6
15. Rb1 Bxc2 16. Qc1 Bxb1 17. Qxb1 a5 18. Bd3 axb4 19. axb4 Rc3 20. Ne5 Rfc8 21.
O-O Qc7 22. f4 Ne4 23. Bxe4 dxe4 24. Qxe4 Rc1 25. Nd3 Rc4 26. Qf3 Rd8 27. Rd1
Qc6 28. Kh2 Rc3 29. Ne5 Qc7 30. Rxd8+ Qxd8 0-1

[Event "AUTO-OPEN-4297"]
[Site "http://www.queenalice.com/game.php?id=1766014"]
[Date "2021.8.2"]
[Round "1"]
[White "francisc059"]
[Black "elisangela"]
[Result "1-0"]
[WhiteElo "1919"]
[BlackElo "1840"]

1. e4 e6 2. d4 a6 3. Nf3 b5 4. Bf4 h6 5. Nc3 Bb7 6. Bd3 g5 7. Bg3 Bg7 8. O-O h5
9. h4 gxh4 10. Bxh4 Bf6 11. Bxf6 Qxf6 12. e5 Bxf3 13. Qxf3 Qxf3 14. gxf3 h4 15.
Ne4 Nc6 16. c3 Ke7 17. Kg2 d5 18. Ng5 f6 19. exf6+ Kxf6 20. Nh3 Rf8 21. Rae1
Nge7 22. Rg1 Rhg8+ 23. Kf1 Rxg1+ 24. Kxg1 Nf5 25. Nf4 Nd8 26. Bxf5 exf5 27.
Nxd5+ Kg5 28. Nxc7 1-0

[Event "AUTO-OPEN-4297"]
[Site "http://www.queenalice.com/game.php?id=1766015"]
[Date "2021.8.2"]
[Round "1"]
[White "elisangela"]
[Black "francisc059"]
[Result "0-1"]
[WhiteElo "1827"]
[BlackElo "1932"]

1. e3 e5 2. a3 d5 3. h3 Nf6 4. b4 Nc6 5. Bb2 Bd6 6. Bb5 Bd7 7. c4 dxc4 8. Bxc4
O-O 9. Qc2 Qc8 10. e4 Be6 11. Bb5 Bd7 12. Bd3 a6 13. g4 Nd4 14. Bxd4 exd4 15.
Nf3 c5 16. bxc5 Bxc5 17. Ke2 Re8 18. Rc1 b6 19. a4 a5 20. e5 Nxg4 21. Bxh7+ Kf8
22. hxg4 Bxg4 23. Rh1 Rxe5+ 24. Be4 Qa6+ 25. d3 Rxe4+ 26. Kd2 Bb4+ 27. Nc3 Bxc3+
28. Kc1 Bxf3 29. Rg1 Re2 0-1

[Event "AUTO-MASTER-3058"]
[Site "http://www.queenalice.com/game.php?id=1766078"]
[Date "2021.8.4"]
[Round "1"]
[White "Aguinaldo"]
[Black "elisangela"]
[Result "1-0"]
[WhiteElo "1913"]
[BlackElo "1882"]

1. e4 a6 2. d4 e6 3. Be3 h6 4. Bd3 b5 5. Nf3 Bb7 6. Nc3 Bb4 7. Bd2 Ne7 8. a3
Bxc3 9. Bxc3 O-O 10. Qe2 d6 11. e5 Bxf3 12. Qxf3 Nbc6 13. exd6 Qxd6 14. O-O-O
Qd5 15. Be4 Qd7 16. Bxc6 Qxc6 17. Qxc6 Nxc6 18. d5 exd5 19. Rxd5 Rad8 20. Rhd1
Rxd5 21. Rxd5 Rd8 22. Rc5 Rd6 23. b4 f6 24. Bd2 Kf7 25. Bf4 Ke6 26. Bxd6 Kxd6
27. h4 1-0

[Event "AUTO-MASTER-3058"]
[Site "http://www.queenalice.com/game.php?id=1766079"]
[Date "2021.8.4"]
[Round "1"]
[White "elisangela"]
[Black "Aguinaldo"]
[Result "0-1"]
[WhiteElo "1867"]
[BlackElo "1928"]

1. e3 e5 2. a3 d5 3. b4 Be6 4. Bb2 f6 5. h3 Bd6 6. Nc3 Ne7 7. Nb5 a6 8. Nxd6+
Qxd6 9. d4 exd4 10. Bxd4 Nbc6 11. Bb2 b5 12. Bd3 Bf5 13. Ne2 Bxd3 14. cxd3 a5
15. Nc3 axb4 16. Nxb5 Qd7 17. d4 bxa3 18. Rxa3 O-O 19. Qb3 Rxa3 20. Bxa3 Rb8 21.
Qc2 Rxb5 22. Bxe7 Nxe7 23. O-O Rb6 24. g4 Ng6 25. Rb1 Rxb1+ 26. Qxb1 Kf7 27. f3
Qd6 28. Kg2 Nh4+ 0-1

[Event "AUTO-MASTER-3058"]
[Site "http://www.queenalice.com/game.php?id=1766094"]
[Date "2021.8.4"]
[Round "1"]
[White "Anusha"]
[Black "elisangela"]
[Result "1-0"]
[WhiteElo "1965"]
[BlackElo "1895"]

1. d4 e6 2. Nf3 h6 3. Bf4 b6 4. e3 g5 5. Bg3 Bg7 6. Bd3 Bb7 7. Nbd2 h5 8. h3 d6
9. Ne4 h4 10. Bh2 d5 11. Nexg5 Bf6 12. Bf4 Rh5 13. Nh7 Rxh7 14. Bxh7 Ke7 15. Bg5
1-0

[Event "AUTO-MASTER-3058"]
[Site "http://www.queenalice.com/game.php?id=1766095"]
[Date "2021.8.4"]
[Round "1"]
[White "elisangela"]
[Black "Anusha"]
[Result "0-1"]
[WhiteElo "1909"]
[BlackElo "1951"]

1. e3 Nf6 2. h3 d6 3. a3 e5 4. b4 h6 5. Bb2 Be7 6. d3 O-O 7. g4 c6 8. Bg2 Be6 9.
Nd2 Nbd7 10. Ne2 d5 11. Ng3 a6 12. f4 exf4 13. exf4 Nb6 14. Bd4 Nbd7 15. f5 Bxf5
16. Nxf5 Re8 17. O-O Bf8 0-1

[Event "AUTO-MASTER-3058"]
[Site "http://www.queenalice.com/game.php?id=1766104"]
[Date "2021.8.4"]
[Round "1"]
[White "dave_j"]
[Black "elisangela"]
[Result "1-0"]
[WhiteElo "2071"]
[BlackElo "1928"]

1. d4 e6 2. Nf3 h6 3. g3 g5 4. Bg2 Bg7 5. O-O d5 6. e3 Ne7 7. c3 Bd7 8. Na3 g4
9. Ne1 h5 10. f3 e5 11. dxe5 Bxe5 12. f4 Bf6 13. Nec2 h4 14. Nd4 hxg3 15. hxg3
Nf5 16. Nxf5 Bxf5 17. Qxd5 c6 18. Qxf5 Bh4 19. Qe5+ Be7 20. Qxh8+ Bf8 21. Qd4
Qxd4 22. exd4 Bxa3 23. bxa3 Nd7 24. Re1+ Kf8 25. Bd2 f5 26. Re2 Nf6 27. Rae1 1-0

[Event "AUTO-MASTER-3058"]
[Site "http://www.queenalice.com/game.php?id=1766105"]
[Date "2021.8.4"]
[Round "1"]
[White "elisangela"]
[Black "dave_j"]
[Result "0-1"]
[WhiteElo "1918"]
[BlackElo "2096"]

1. e3 Nf6 2. a3 b6 3. b4 Bb7 4. Nf3 g6 5. Bb2 Bg7 6. h3 d6 7. Bd3 O-O 8. c4 e5
9. e4 Nxe4 10. Bxe4 Bxe4 11. Qe2 Bxf3 12. Qxf3 Nd7 13. Qc3 Nf6 14. d3 Nh5 15.
Qc2 Qg5 16. Qd2 Qxg2 17. Rf1 Qxh3 18. Nc3 Nf4 19. O-O-O Bh6 20. Kb1 Qf5 21. Bc1
g5 22. Ne4 Bg7 23. Rh1 h6 24. f3 Qe6 25. Nc3 c6 26. Ne2 Nxe2 27. Qxe2 c5 28. Kc2
Rac8 29. Be3 f5 30. Rdg1 f4 0-1